000 00368 a2200145 4500
001 151861
040 _cEscola São Tomás de Aquino
100 _aDisney
240 1 0 _aFábulas de responsabilidade
_lpor
245 1 0 _aFábulas de responsabilidade
362 0 _a2005
440 1 _aMelhoramentos
697 _aContos de Fadas e Clássicos da Literatura
942 _cBK
999 _c151861
_d151861